| 000 | 00560ntaaa2200193 4500 | ||
|---|---|---|---|
| 003 | 01 | ||
| 005 | 20251027202931.0 | ||
| 008 | 0714s1973 ag 01 | ||
| 040 |
_aAR-BaBN _bspa _cAR-BaBN _eaacr _dRIC |
||
| 082 | _a922.6730 M91 | ||
| 100 |
_aStevenson, Augusta _929972 |
||
| 245 | _aThe telegraph boy | ||
| 250 | _a1 ed. | ||
| 260 |
_aNashville : _bBroadman Press, _cc1956 |
||
| 300 | _a183 p | ||
| 500 | _aHistoria ilustrada de la vida de Edgar Young Mullins (1860-1928), educador bautista | ||
| 650 |
_aMullins, Edgar Young (1860-1928) _929973 |
||
| 942 | _cBK | ||
| 999 |
_c24621 _d24621 |
||